000 00266nam a22001097a 4500
008 170124b xxu||||| |||| 00| 0 eng d
020 _a9781605470023
041 _aeng
080 _a618.2
245 _aESSENTIALS FOR NURSING ASSISTANTS
_cCARTER, P.J
942 _2udc
_cBK
999 _c3525
_d3525